Countries you can fly to from Brussels Airport (BRU) - Statistics

General Stats
  • This quiz has been taken 35 times
  • The average score is 62 of 72
Answers on the Map
Answers color-coded by a green-red scale on the quiz's map according to % correct below.
 
Answer Stats
Number of destinations Country % Correct
2 Austria
100%
Brussels Belgium
100%
3 Bulgaria
100%
3 Canada
100%
6 China
100%
4 Croatia
100%
1 Czechia
100%
1 Denmark
100%
4 Egypt
100%
1 Estonia
100%
6 France
100%
4 Germany
100%
13 Greece
100%
1 hungary
100%
1 Iceland
100%
1 Ireland
100%
14 Italy
100%
1 Japan
100%
1 Latvia
100%
1 Lithuania
100%
10 Morocco
100%
1 Netherlands
100%
2 Norway
100%
3 Poland
100%
4 Portugal
100%
2 Romania
100%
1 Serbia
100%
19 Spain
100%
3 Sweden
100%
2 Switzerland
100%
9 Turkey
100%
3 United Kingdom
100%
6 United States
100%
1 Albania
96%
2 Algeria
96%
2 Cyprus
96%
3 Finland
96%
1 Malta
96%
4 Tunisia
96%
2 United Arab Emirates
96%
1 Brazil
93%
1 Saudi Arabia
93%
1 Slovenia
93%
1 Israel
89%
1 Qatar
85%
1 Jordan
81%
1 Kenya
81%
1 Montenegro
81%
1 Thailand
81%
1 Kosovo
78%
1 Ghana
74%
1 Moldova
74%
1 Democratic Republic of the Congo
70%
1 Ethiopia
70%
1 Senegal
70%
2 Cameroon
67%
1 Guinea
67%
1 Tanzania
67%
1 Uganda
67%
1 Burundi
63%
1 Ivory Coast
63%
1 Rwanda
63%
1 Benin
59%
1 Singapore
59%
1 Togo
59%
1 Armenia
56%
1 Gambia
56%
1 Lebanon
56%
1 Liberia
56%
1 Burkina Faso
52%
1 Sierra Leone
48%
2 Cabo Verde
37%
No matching quizzes found
Score Distribution
Percent of People with Each Score
Percentile by Number Answered
Your Score History
You have not taken this quiz